000 01138nam a2200313 i 4500
003 EG-GICUC
005 20260506093005.0
008 260506s1977 fr fr|||| 000 0 fre d
040 _aEG-GiCUC
_bfre
_cEG-GiCUC
_dEG-GiCUC
_eRda
041 0 _afre
082 0 4 _221
_a345.22133
_bPA . J
092 0 4 _221
099 _aLAW1 07 345.22133 PA . J 1 ed - 1977
100 1 _a Pacteau, Bernard.
_eAuteur
245 1 3 _a Le juge de l'excès de pouvoir et les motifs de l'acte administratif /
_c par Bernard Pacteau ; préface de J.-M. Auby.
264 1 _aClermont-Ferrand :
_b De La Faculté De Droit Et De Science Politique De L'université De Clermont I,
_c1977.
300 _a263 page ;
_c 24 cm.
336 _2rda contenu
_a texte
337 _2rda medias
_aOrdinateur
338 _2 transporteur rda
_a Ressource en ligne
504 _aComprend des références bibliographiques.
546 _aTexte en français
650 1 4 _aDroit administratif.
_2qrmak
651 1 _2qrmak
700 1 _aAuby, J-M.
_ePrésident
856 4 0 _uhttps://fll.law.cu.edu.eg/fulltext/bks/B07-05810.pdf
905 _a171
942 _2ddc
_cBK
_e21
_n0
999 _c75961
_d75961